[Event "Memorial Urbanec Miroslav"]
[Site "?"]
[Date "2009.??.??"]
[Round "?"]
[White "Fric, Pavel"]
[Black "Sýkora, Josef"]
[Result "1/2-1/2"]
[WhiteElo "2433"]
[BlackElo "2364"]
[PlyCount "62"]
[EventDate "2009.??.??"]
[EventType "corr"]
[SourceDate "2004.06.03"]

1. e4 c6 2. d4 d5 3. e5 c5 4. dxc5 e6 5. Be3 Nd7 6. Bb5 Qc7 7. Nf3 Bxc5 8. Bxc5
Qxc5 9. Nc3 Ne7 10. O-O O-O 11. Re1 h6 12. Qd2 a6 13. Bd3 Qb6 14. Na4 Qc7 15.
Qe3 b5 16. Nc3 Nc6 17. h3 Bb7 18. a3 Rfd8 19. Rad1 Rac8 20. Qf4 Na5 21. Qg3 Nc5
22. Nd4 Nc4 23. Bxc4 dxc4 24. Qe3 Rd7 25. Nde2 Rcd8 26. Rxd7 Rxd7 27. Ng3 Rd8
28. f3 f5 29. Nh5 Qe7 30. Kh2 Bc6 31. Nf4 Kf7 1/2-1/2

[Event "Memorial Urbanec Miroslav"]
[Site "?"]
[Date "2009.??.??"]
[Round "?"]
[White "Fric, Pavel"]
[Black "Valák, Alois"]
[Result "1/2-1/2"]
[WhiteElo "2433"]
[BlackElo "2415"]
[PlyCount "75"]
[EventDate "2009.??.??"]
[EventType "corr"]
[SourceDate "2004.06.03"]

1. d4 d5 2. c4 dxc4 3. e4 e5 4. Nf3 exd4 5. Bxc4 Nc6 6. O-O Be6 7. Bb5 Bc5 8.
b4 Bb6 9. a4 a5 10. bxa5 Rxa5 11. Nbd2 Ra8 12. Nb3 Bxb3 13. Bxc6+ bxc6 14. Qxb3
Ne7 15. Ba3 O-O 16. Rfc1 h6 17. Bb4 c5 18. Bxc5 Bxc5 19. Rxc5 Ng6 20. Qc4 d3
21. Rd1 Qf6 22. a5 Nf4 23. Rf5 Qc3 24. Qxc3 Ne2+ 25. Kf1 Nxc3 26. Rxd3 Nxe4 27.
Rd7 c6 28. Rd4 Nf6 29. Rc5 Rfb8 30. Nd2 Ra6 31. g3 Rb7 32. Rd8+ Kh7 33. Rd3 Nd7
34. Rf5 f6 35. Rb3 Rc7 36. Nc4 Ne5 37. Nxe5 Rxa5 38. Re3 1/2-1/2

[Event "Memorial Urbanec Miroslav"]
[Site "?"]
[Date "2009.??.??"]
[Round "?"]
[White "Hladecek, Miloslav"]
[Black "Canibal, Jaromír"]
[Result "1/2-1/2"]
[WhiteElo "2420"]
[BlackElo "2354"]
[PlyCount "97"]
[EventDate "2009.??.??"]
[EventType "corr"]
[SourceDate "2004.06.03"]

1. e4 e5 2. Nf3 Nc6 3. d4 exd4 4. Nxd4 Nf6 5. Nxc6 bxc6 6. Bd3 d5 7. Nc3 Bb4 8.
exd5 cxd5 9. O-O O-O 10. h3 Rb8 11. a3 Bd6 12. Nb5 Be5 13. Re1 Re8 14. f4 Bd6
15. Rxe8+ Nxe8 16. Be3 a6 17. Nxd6 Qxd6 18. b4 Nf6 19. Qf1 d4 20. Bf2 Qxf4 21.
Bc4 Bf5 22. Rd1 Rd8 23. c3 d3 24. Bxd3 Bxd3 25. Rxd3 Re8 26. Rf3 Qd6 27. Bd4
Re6 28. a4 h5 29. a5 h4 30. Qf2 Re4 31. Re3 Qd5 32. Qf1 Qe6 33. Qd3 c6 34. Rxe4
Nxe4 35. Be3 f5 36. Qxa6 f4 37. Bxf4 Ng3 38. Bxg3 hxg3 39. Qf1 Qe3+ 40. Kh1
Qxc3 41. a6 Qa3 42. Qd1 Qxa6 43. Qd8+ Kh7 44. Qh4+ Kg8 45. Qxg3 Qf1+ 46. Kh2
Qc4 47. Qb8+ Kh7 48. Qf8 Qe4 49. Qd6 1/2-1/2

[Event "Memorial Urbanec Miroslav"]
[Site "?"]
[Date "2009.??.??"]
[Round "?"]
[White "Hladecek, Miloslav"]
[Black "Kýhos, Alois"]
[Result "1/2-1/2"]
[WhiteElo "2420"]
[BlackElo "2402"]
[PlyCount "67"]
[EventDate "2009.??.??"]
[EventType "corr"]
[SourceDate "2004.06.03"]

1. e4 e5 2. Nf3 Nc6 3. Bb5 a6 4. Ba4 Nf6 5. O-O Be7 6. d4 exd4 7. Re1 b5 8. Bb3
d6 9. Bd5 Nxd5 10. exd5 Ne5 11. Nxd4 O-O 12. a4 Bg4 13. Qd2 Bd7 14. Nc3 b4 15.
Ne4 Qb8 16. c4 f5 17. Ng5 Bxg5 18. Qxg5 Qd8 19. Qxd8 Raxd8 20. b3 Rde8 21. f3
f4 22. a5 g5 23. Bd2 Nd3 24. Rxe8 Rxe8 25. Kf1 h6 26. Rd1 Kf7 27. Be1 Nc5 28.
Bxb4 Rb8 29. Bxc5 dxc5 30. Nc6 Rxb3 31. h3 Rc3 32. d6 Bxc6 33. dxc7 Bb7 34. Rd8
1/2-1/2

[Event "Memorial Urbanec Miroslav"]
[Site "?"]
[Date "2009.??.??"]
[Round "?"]
[White "Hladecek, Miloslav"]
[Black "Nedoma, Petr"]
[Result "1/2-1/2"]
[WhiteElo "2420"]
[BlackElo "2375"]
[PlyCount "49"]
[EventDate "2009.??.??"]
[EventType "corr"]
[SourceDate "2004.06.03"]

1. e4 c5 2. Nf3 Nc6 3. d4 cxd4 4. Nxd4 Nf6 5. Nc3 e5 6. Ndb5 d6 7. Nd5 Nxd5 8.
exd5 Nb8 9. c4 a6 10. Nc3 Be7 11. Bd3 O-O 12. O-O f5 13. a4 b6 14. Bc2 Nd7 15.
b3 a5 16. Nb5 Nc5 17. Be3 Bd7 18. f3 f4 19. Bxc5 bxc5 20. Qb1 h5 21. Bh7+ Kh8
22. Qd3 Rf6 23. Be4 h4 24. h3 Qb6 25. Kh1 1/2-1/2

[Event "Memorial Urbanec Miroslav"]
[Site "?"]
[Date "2009.??.??"]
[Round "?"]
[White "Hladecek, Miloslav"]
[Black "Novák, Vratislav"]
[Result "1-0"]
[WhiteElo "2420"]
[BlackElo "2311"]
[PlyCount "57"]
[EventDate "2009.??.??"]
[EventType "corr"]
[SourceDate "2004.06.03"]

1. e4 c5 2. Nf3 Nc6 3. d4 cxd4 4. Nxd4 Nf6 5. Nc3 e5 6. Ndb5 d6 7. Nd5 Nxd5 8.
exd5 Ne7 9. c4 Nf5 10. Bd3 Be7 11. O-O O-O 12. a4 a6 13. Nc3 Rb8 14. a5 b6 15.
axb6 Qxb6 16. b4 Bd7 17. Rb1 Rfe8 18. Ne4 Qa7 19. Ng3 Nxg3 20. Be3 Qc7 21. hxg3
e4 22. Be2 h6 23. c5 Bb5 24. c6 Bg5 25. Bxg5 hxg5 26. Re1 Re5 27. Qd4 g6 28. f4
exf3 29. Bxb5 1-0

[Event "Memorial Urbanec Miroslav"]
[Site "?"]
[Date "2009.??.??"]
[Round "?"]
[White "Hladecek, Miloslav"]
[Black "Pravec, Ladislav"]
[Result "1-0"]
[WhiteElo "2420"]
[BlackElo "2324"]
[PlyCount "109"]
[EventDate "2009.??.??"]
[EventType "corr"]
[SourceDate "2004.06.03"]

1. e4 c5 2. Nf3 Nc6 3. d4 cxd4 4. Nxd4 Nf6 5. Nc3 e5 6. Ndb5 d6 7. Nd5 Nxd5 8.
exd5 Ne7 9. c4 Nf5 10. Bd3 Be7 11. O-O a6 12. Nc3 O-O 13. f4 f6 14. Qc2 Qb6+
15. Kh1 g6 16. Rb1 Bd7 17. b3 Rac8 18. Qd2 Nd4 19. Ne2 Nf5 20. Qe1 Rce8 21. Ng3
Nxg3+ 22. Qxg3 e4 23. Bxe4 f5 24. Bf3 Bf6 25. Ba3 a5 26. h4 Rf7 27. h5 Rg7 28.
Qf2 Bd4 29. Qh4 Rf7 30. Rbe1 Rxe1 31. Qxe1 Bf6 32. Qd2 a4 33. Qb4 Qxb4 34. Bxb4
Be7 35. Re1 Bf8 36. Kg1 Re7 37. Rxe7 Bxe7 38. Be2 Be8 39. hxg6 hxg6 40. Kf2
axb3 41. axb3 Kf7 42. Ke3 Bd7 43. g3 Kf8 44. Kd3 Ke8 45. Ba5 Bf6 46. Bd1 Kf7
47. Bb6 Ke8 48. b4 Kf7 49. Bc7 Be7 50. Kc3 Bf6+ 51. Kb3 Be7 52. b5 Kf8 53. Kb4
Ke8 54. Bc2 Bc8 55. Ba4 1-0

[Event "Memorial Urbanec Miroslav"]
[Site "?"]
[Date "2009.??.??"]
[Round "?"]
[White "Hladecek, Miloslav"]
[Black "Sýkora, Josef"]
[Result "1/2-1/2"]
[WhiteElo "2420"]
[BlackElo "2364"]
[PlyCount "123"]
[EventDate "2009.??.??"]
[EventType "corr"]
[SourceDate "2004.06.03"]

1. e4 c6 2. d4 d5 3. Nc3 dxe4 4. Nxe4 Nf6 5. Nxf6+ gxf6 6. c3 Bf5 7. Ne2 Nd7 8.
Ng3 Bg6 9. h4 h5 10. Be2 Qa5 11. O-O O-O-O 12. b4 Qc7 13. a4 e5 14. b5 Nc5 15.
Bc4 Ne6 16. Qb3 exd4 17. Bxe6+ fxe6 18. Qxe6+ Kb8 19. cxd4 Qd6 20. Re1 Qxe6 21.
Rxe6 Rxd4 22. Bb2 Rd6 23. Rxf6 Rxf6 24. Bxf6 Rg8 25. bxc6 bxc6 26. Re1 Kb7 27.
Be7 Bg7 28. Ne4 Kb6 29. f4 Bd4+ 30. Kh2 Kc7 31. Bd6+ Kb6 32. Be5 c5 33. Bxd4
cxd4 34. Rb1+ Kc7 35. Rc1+ Kb6 36. Nd6 Bh7 37. Kg1 d3 38. Kf2 Rg7 39. Nc4+ Kc5
40. Ne3+ Kb4 41. Rc4+ Kb3 42. Rc5 Rd7 43. Rxh5 Kxa4 44. f5 a5 45. g4 d2 46. f6
Bg8 47. Rh8 Be6 48. Re8 Bb3 49. Rb8 Rd4 50. Ke2 d1=Q+ 51. Nxd1 Rxg4 52. Nc3+
Ka3 53. Nb1+ Ka4 54. Nd2 Ba2 55. Rh8 Rf4 56. Rh6 Kb4 57. Ke3 Rf5 58. Rg6 a4 59.
Rg4+ Kb5 60. Rf4 Rxf4 61. Kxf4 Bf7 62. Kg5 1/2-1/2

[Event "Memorial Urbanec Miroslav"]
[Site "?"]
[Date "2009.??.??"]
[Round "?"]
[White "Hladecek, Miloslav"]
[Black "Valák, Alois"]
[Result "1/2-1/2"]
[WhiteElo "2420"]
[BlackElo "2415"]
[PlyCount "51"]
[EventDate "2009.??.??"]
[EventType "corr"]
[SourceDate "2004.06.03"]

1. e4 c5 2. Nf3 Nc6 3. d4 cxd4 4. Nxd4 Nf6 5. Nc3 d6 6. Bg5 e6 7. Qd2 a6 8.
O-O-O Bd7 9. Kb1 Be7 10. f4 b5 11. a3 h6 12. Bh4 O-O 13. Nf3 Bc8 14. Be2 Rb8
15. e5 dxe5 16. Qxd8 Bxd8 17. Nxe5 Nxe5 18. fxe5 Nd7 19. Bxd8 Rxd8 20. Rd6 Rb6
21. Rd3 Kf8 22. Rhd1 Ke7 23. Ne4 Bb7 24. Nc5 Bd5 25. Nxd7 Rxd7 26. Bf3 1/2-1/2

[Event "Memorial Urbanec Miroslav"]
[Site "?"]
[Date "2009.??.??"]
[Round "?"]
[White "Kuta, Jirí"]
[Black "Canibal, Jaromír"]
[Result "1/2-1/2"]
[WhiteElo "2423"]
[BlackElo "2354"]
[PlyCount "45"]
[EventDate "2009.??.??"]
[EventType "corr"]
[SourceDate "2004.06.03"]

1. d4 Nf6 2. Nf3 g6 3. c4 Bg7 4. Nc3 O-O 5. e4 d6 6. Be2 e5 7. O-O exd4 8. Nxd4
Re8 9. f3 Nc6 10. Be3 Nh5 11. Qd2 Nf4 12. Rfd1 Nxd4 13. Bxd4 Bxd4+ 14. Qxd4
Nxe2+ 15. Nxe2 b6 16. Rac1 Bb7 17. Nc3 Re5 18. Qd3 Qe7 19. Re1 Re8 20. Rc2 f5
21. Rce2 fxe4 22. Nxe4 Qg7 23. Nc3 1/2-1/2

[Event "Memorial Urbanec Miroslav"]
[Site "?"]
[Date "2009.??.??"]
[Round "?"]
[White "Kuta, Jirí"]
[Black "Dedina, Miroslav"]
[Result "1-0"]
[WhiteElo "2423"]
[BlackElo "2346"]
[PlyCount "63"]
[EventDate "2009.??.??"]
[EventType "corr"]
[SourceDate "2004.06.03"]

1. d4 Nf6 2. Nf3 g6 3. c4 Bg7 4. Nc3 d5 5. cxd5 Nxd5 6. e4 Nxc3 7. bxc3 c5 8.
Rb1 O-O 9. Be2 b6 10. O-O Bb7 11. Qd3 Ba6 12. Qe3 Qc8 13. d5 Bxe2 14. Qxe2 Bxc3
15. e5 Rd8 16. Bg5 Qf5 17. Rb3 Bd4 18. Nxd4 Qxg5 19. Rg3 Qf4 20. Rg4 Qh6 21.
Nf5 Qf8 22. e6 Kh8 23. exf7 Qxf7 24. Nxe7 Nd7 25. Re4 Rf8 26. f4 Qg7 27. f5 Qf6
28. g4 a6 29. Qe3 gxf5 30. Nxf5 Qg6 31. h3 b5 32. Re6 1-0

[Event "Memorial Urbanec Miroslav"]
[Site "?"]
[Date "2009.??.??"]
[Round "?"]
[White "Kuta, Jirí"]
[Black "Fric, Pavel"]
[Result "1-0"]
[WhiteElo "2423"]
[BlackElo "2433"]
[PlyCount "89"]
[EventDate "2009.??.??"]
[EventType "corr"]
[SourceDate "2004.06.03"]

1. d4 Nf6 2. Nf3 d5 3. c4 e6 4. Nc3 c6 5. e3 Nbd7 6. Qc2 Bd6 7. g4 h6 8. h3 Qe7
9. Bd2 dxc4 10. Bxc4 c5 11. e4 cxd4 12. Nxd4 O-O 13. O-O-O Nb6 14. Bb3 Bc5 15.
Nf3 e5 16. Rhg1 Bxf2 17. Rg2 Bd4 18. g5 hxg5 19. Bxg5 Bxc3 20. bxc3 Be6 21.
Rdg1 Bxb3 22. Bxf6 Qxf6 23. Rxg7+ Qxg7 24. Rxg7+ Kxg7 25. Qg2+ Kh7 26. axb3
Rac8 27. Nxe5 Rxc3+ 28. Kb2 Rc7 29. Qg5 f6 30. Qg6+ Kh8 31. Qh6+ Kg8 32. Ng6
Rfc8 33. Qh8+ Kf7 34. Qh7+ Ke6 35. Nf4+ Kd6 36. Qf5 Rc6 37. Qxf6+ Kc7 38. Qe5+
Kd7 39. Qg7+ Kd6 40. Ka3 a5 41. e5+ Kc5 42. Qg1+ Kb5 43. Qf1+ Kc5 44. Qf2+ Kb5
45. Qe2+ 1-0

[Event "Memorial Urbanec Miroslav"]
[Site "?"]
[Date "2009.??.??"]
[Round "?"]
[White "Kuta, Jirí"]
[Black "Hladecek, Miloslav"]
[Result "1/2-1/2"]
[WhiteElo "2423"]
[BlackElo "2420"]
[PlyCount "57"]
[EventDate "2009.??.??"]
[EventType "corr"]
[SourceDate "2004.06.03"]

1. d4 Nf6 2. c4 c5 3. d5 d6 4. Nc3 g6 5. e4 Bg7 6. Bd3 O-O 7. h3 Nfd7 8. Nf3
Ne5 9. Nxe5 Bxe5 10. O-O Nd7 11. Qc2 a6 12. Rb1 Qc7 13. Bg5 Re8 14. Be3 Bg7 15.
f4 b6 16. e5 dxe5 17. f5 Rf8 18. Ne4 a5 19. fxg6 hxg6 20. Ng5 f5 21. Qf2 Rf6
22. Qg3 f4 23. Qh4 Nf8 24. Bd2 Bf5 25. Be4 Bxe4 26. Nxe4 Rf5 27. Rbe1 Rh5 28.
Qg4 Qd7 29. Bc3 1/2-1/2

[Event "Memorial Urbanec Miroslav"]
[Site "?"]
[Date "2009.??.??"]
[Round "?"]
[White "Kuta, Jirí"]
[Black "Nedoma, Petr"]
[Result "1/2-1/2"]
[WhiteElo "2423"]
[BlackElo "2375"]
[PlyCount "49"]
[EventDate "2009.??.??"]
[EventType "corr"]
[SourceDate "2004.06.03"]

1. d4 Nf6 2. Nf3 d5 3. c4 e6 4. Nc3 c6 5. e3 Nbd7 6. Bd3 Bd6 7. e4 dxc4 8. Bxc4
e5 9. dxe5 Nxe5 10. Nxe5 Bxe5 11. Qxd8+ Kxd8 12. Bxf7 Bxc3+ 13. bxc3 Nxe4 14.
O-O Rf8 15. Bb3 Re8 16. Rd1+ Bd7 17. c4 b6 18. Bc2 g6 19. Be3 Nc5 20. Rd4 Kc7
21. a4 a5 22. Rh4 Re7 23. Bf4+ Kb7 24. Bd6 Rf7 25. Rb1 1/2-1/2

[Event "Memorial Urbanec Miroslav"]
[Site "?"]
[Date "2009.??.??"]
[Round "?"]
[White "Kuta, Jirí"]
[Black "Valák, Alois"]
[Result "1/2-1/2"]
[WhiteElo "2423"]
[BlackElo "2415"]
[PlyCount "83"]
[EventDate "2009.??.??"]
[EventType "corr"]
[SourceDate "2004.06.03"]

1. d4 d5 2. Nf3 Nf6 3. c4 c6 4. Nc3 dxc4 5. a4 Bf5 6. Ne5 Nbd7 7. Nxc4 Qc7 8.
g3 e5 9. dxe5 Nxe5 10. Bf4 Nfd7 11. Bg2 f6 12. O-O O-O-O 13. Qc1 Nc5 14. Bxe5
fxe5 15. Qe3 Nb3 16. Rad1 Bc5 17. Qxe5 Qxe5 18. Nxe5 Rhe8 19. Rxd8+ Kxd8 20.
Nd3 Bd4 21. e4 Bg6 22. Re1 Bf7 23. Ne2 Bb6 24. Rd1 Kc7 25. h4 h6 26. Bf3 Rd8
27. Kg2 Nc5 28. Nef4 Nxa4 29. e5 Bb3 30. Re1 g5 31. e6 Re8 32. e7 Kd6 33. Ng6
Bd4 34. h5 Kc7 35. Re2 c5 36. Rd2 a6 37. Bg4 Nb6 38. Kh3 Nc4 39. Re2 Bd1 40.
Re1 Bc2 41. Nxc5 Bxc5 42. Rc1 1/2-1/2

[Event "Memorial Urbanec Miroslav"]
[Site "?"]
[Date "2009.??.??"]
[Round "?"]
[White "Kuta, Jirí"]
[Black "Zahour, Jirí"]
[Result "1-0"]
[WhiteElo "2423"]
[BlackElo "2331"]
[PlyCount "123"]
[EventDate "2009.??.??"]
[EventType "corr"]
[SourceDate "2004.06.03"]

1. d4 Nf6 2. c4 e6 3. Nc3 Bb4 4. e3 O-O 5. Bd3 c5 6. Nf3 Nc6 7. O-O d5 8. a3
Bxc3 9. bxc3 b6 10. cxd5 exd5 11. Ne5 Qc7 12. Nxc6 Qxc6 13. f3 Re8 14. a4 Bd7
15. a5 b5 16. Re1 Qc8 17. Bb1 Rb8 18. Bb2 Qc7 19. Qd2 cxd4 20. cxd4 Qd6 21. Bd3
Bc6 22. Reb1 Qe6 23. Bc1 a6 24. Qf2 Bd7 25. Bd2 Rbc8 26. Rc1 Qe7 27. Qe1 Rxc1
28. Rxc1 Qa3 29. Qf1 Qd6 30. Rc5 Rc8 31. Qc1 Rxc5 32. dxc5 Qc7 33. Qc3 Bc6 34.
Qd4 Nd7 35. Bc3 f6 36. Bf5 Nf8 37. h3 Qe7 38. Kf2 Kf7 39. Bb1 g6 40. Qh4 Ke6
41. Bd4 Nd7 42. Qg4+ Kf7 43. h4 f5 44. Qh3 Ke8 45. h5 Nf8 46. hxg6 hxg6 47. g4
fxg4 48. Qxg4 Kd8 49. Bxg6 Nxg6 50. Qxg6 Kd7 51. f4 b4 52. f5 Qh4+ 53. Kg1 Qe1+
54. Kg2 Qe2+ 55. Kg3 Qe1+ 56. Kg4 Qg1+ 57. Kh5 Qh2+ 58. Kg5 Qg3+ 59. Kh6 Qh4+
60. Kg7 Qe7+ 61. Qf7 Kd8 62. Bf6 1-0

[Event "Memorial Urbanec Miroslav"]
[Site "?"]
[Date "2009.??.??"]
[Round "?"]
[White "Kýhos, Alois"]
[Black "Cvak, Rudolf"]
[Result "0-1"]
[WhiteElo "2402"]
[BlackElo "2322"]
[PlyCount "90"]
[EventDate "2009.??.??"]
[EventType "corr"]
[SourceDate "2004.06.03"]

1. e4 c5 2. c3 Nf6 3. e5 Nd5 4. d4 cxd4 5. Nf3 Nc6 6. Bc4 Nb6 7. Bb3 d6 8. exd6
Qxd6 9. O-O Be6 10. Na3 dxc3 11. Qe2 Bxb3 12. Nb5 Qb8 13. axb3 e5 14. bxc3 Be7
15. Bg5 f6 16. Be3 Nc8 17. Nh4 O-O 18. Nf5 a6 19. Qg4 g6 20. Nxe7+ N6xe7 21.
Qc4+ Kg7 22. Nc7 Nd6 23. Qc5 Rc8 24. Rfd1 Qxc7 25. Qxd6 Qxd6 26. Rxd6 Kf7 27.
c4 h5 28. Rd7 b5 29. cxb5 axb5 30. Rxa8 Rxa8 31. g3 Ke6 32. Rb7 Nf5 33. Rb6+
Kd5 34. Rxb5+ Ke4 35. Bb6 Rb8 36. Rb4+ Nd4 37. Kg2 Kd3 38. Bc5 Rxb4 39. Bxb4
Nxb3 40. Be7 f5 41. Bd6 e4 42. Bf4 Nd2 43. Bc7 Nf3 44. Bb6 g5 45. Bc5 Ke2 0-1

[Event "Memorial Urbanec Miroslav"]
[Site "?"]
[Date "2009.??.??"]
[Round "?"]
[White "Kýhos, Alois"]
[Black "Kuta, Jirí"]
[Result "1/2-1/2"]
[WhiteElo "2402"]
[BlackElo "2423"]
[PlyCount "54"]
[EventDate "2009.??.??"]
[EventType "corr"]
[SourceDate "2004.06.03"]

1. e4 e5 2. Nf3 Nc6 3. Bb5 a6 4. Ba4 Nf6 5. O-O Be7 6. Re1 b5 7. Bb3 O-O 8. c3
d5 9. exd5 Nxd5 10. Nxe5 Nxe5 11. Rxe5 c6 12. d4 Bd6 13. Re1 Qh4 14. g3 Qh3 15.
Be3 Bg4 16. Qd3 Rae8 17. Nd2 Re6 18. a4 Qh5 19. axb5 axb5 20. Nf1 Bf5 21. Qd1
Bg4 22. Qb1 Qh3 23. Bxd5 cxd5 24. Nd2 f5 25. Bf4 Bxf4 26. Rxe6 Bxd2 27. f4 Rf6
1/2-1/2

[Event "Memorial Urbanec Miroslav"]
[Site "?"]
[Date "2009.??.??"]
[Round "?"]
[White "Kýhos, Alois"]
[Black "Novák, Vratislav"]
[Result "1/2-1/2"]
[WhiteElo "2402"]
[BlackElo "2311"]
[PlyCount "36"]
[EventDate "2009.??.??"]
[EventType "corr"]
[SourceDate "2004.06.03"]

1. e4 c5 2. c3 d5 3. exd5 Qxd5 4. d4 e6 5. Nf3 Nf6 6. Na3 Nc6 7. Nb5 Qd8 8.
dxc5 Bxc5 9. Qxd8+ Kxd8 10. Bf4 Ne4 11. Rd1+ Ke7 12. Nbd4 Nxd4 13. Nxd4 Rd8 14.
Bd3 Nf6 15. Nb3 Bd6 16. Bxd6+ Rxd6 17. O-O Bd7 18. Nd4 g6 1/2-1/2

[Event "Memorial Urbanec Miroslav"]
[Site "?"]
[Date "2009.??.??"]
[Round "?"]
[White "Kýhos, Alois"]
[Black "Pirhala, Ladislav"]
[Result "1/2-1/2"]
[WhiteElo "2402"]
[BlackElo "2370"]
[PlyCount "65"]
[EventDate "2009.??.??"]
[EventType "corr"]
[SourceDate "2004.06.03"]

1. e4 c5 2. c3 d5 3. exd5 Qxd5 4. d4 e6 5. Nf3 Nf6 6. Na3 Qd8 7. Nc4 Nc6 8. Be3
Nd5 9. Bd3 Nxe3 10. fxe3 Be7 11. Qc2 Qc7 12. O-O-O f5 13. g4 b5 14. Na3 a6 15.
gxf5 cxd4 16. Rhg1 dxc3 17. Qxc3 Bf6 18. Qc5 Be7 19. Qc2 Ra7 20. Kb1 Nb4 21.
Qb3 Nxd3 22. Rxd3 O-O 23. Rc1 Qb7 24. Nd4 Qd5 25. Nxe6 Qxb3 26. Rxb3 Re8 27.
Nc2 Bxe6 28. fxe6 Bf6 29. Nd4 Bxd4 30. exd4 Rxe6 31. Rf3 Re8 32. Rc6 Rf7 33.
Rxf7 1/2-1/2

[Event "Memorial Urbanec Miroslav"]
[Site "?"]
[Date "2009.??.??"]
[Round "?"]
[White "Kýhos, Alois"]
[Black "Pravec, Ladislav"]
[Result "1/2-1/2"]
[WhiteElo "2402"]
[BlackElo "2324"]
[PlyCount "48"]
[EventDate "2009.??.??"]
[EventType "corr"]
[SourceDate "2004.06.03"]

1. e4 c5 2. c3 d5 3. exd5 Qxd5 4. d4 Nf6 5. Nf3 e6 6. Na3 Bd7 7. Nb5 Na6 8. Be2
cxd4 9. Qxd4 Bc5 10. Qxd5 Nxd5 11. O-O O-O 12. Rd1 Rfd8 13. Nfd4 Bb6 14. c4 Nf6
15. Be3 e5 16. Nc2 Kf8 17. Bxb6 axb6 18. f3 Nc5 19. Nc3 Bc6 20. Rxd8+ Rxd8 21.
Rd1 Rxd1+ 22. Bxd1 Ke7 23. Ne3 Nd3 24. b3 g6 1/2-1/2

[Event "Memorial Urbanec Miroslav"]
[Site "?"]
[Date "2009.??.??"]
[Round "?"]
[White "Kýhos, Alois"]
[Black "Schwarz, Jan"]
[Result "1/2-1/2"]
[WhiteElo "2402"]
[BlackElo "2325"]
[PlyCount "60"]
[EventDate "2009.??.??"]
[EventType "corr"]
[SourceDate "2004.06.03"]

1. e4 c6 2. d4 d5 3. e5 g6 4. f4 h5 5. Nf3 Bg4 6. h3 Bxf3 7. Qxf3 e6 8. Nd2 Nd7
9. Bd3 Ne7 10. c3 c5 11. Qf2 cxd4 12. cxd4 Nc6 13. a3 Qb6 14. Nf3 Na5 15. Be3
Nb3 16. Rd1 Be7 17. O-O Rc8 18. Ng5 Rc7 19. Qg3 h4 20. Qg4 Nf8 21. Kh2 a6 22.
Rfe1 Na5 23. Rb1 Nb3 24. Rf1 Rc6 25. Rfd1 Qc7 26. Bf2 Qa5 27. Be2 Qa4 28. Qf3
Nh7 29. Nxh7 Rxh7 30. Rd3 Na5 1/2-1/2

[Event "Memorial Urbanec Miroslav"]
[Site "?"]
[Date "2009.??.??"]
[Round "?"]
[White "Kýhos, Alois"]
[Black "Sýkora, Josef"]
[Result "1-0"]
[WhiteElo "2402"]
[BlackElo "2364"]
[PlyCount "85"]
[EventDate "2009.??.??"]
[EventType "corr"]
[SourceDate "2004.06.03"]

1. e4 c6 2. d4 d5 3. e5 c5 4. dxc5 e6 5. Be3 Nd7 6. Bb5 Qc7 7. Nf3 Bxc5 8. Bxc5
Qxc5 9. Nc3 Ne7 10. O-O O-O 11. Re1 h6 12. Qd2 Qc7 13. Rad1 a6 14. Bxd7 Bxd7
15. Ne2 Rac8 16. Ned4 Qb6 17. b3 Qc5 18. Re3 Qa3 19. c3 Rc7 20. Ne2 Rfc8 21.
Nfd4 Ng6 22. f4 a5 23. g4 Qe7 24. a4 Rc5 25. Rg3 b6 26. Qe3 Re8 27. Rf1 Nf8 28.
Rf2 f6 29. h4 Rc7 30. exf6 Qxf6 31. g5 hxg5 32. fxg5 Qg6 33. Qe5 Rcc8 34. Re3
Qb1+ 35. Kh2 Qh7 36. Nf4 Ng6 37. Nxg6 Qxg6 38. Qd6 Rcd8 39. Nf5 Qh5 40. Ne7+
Kh8 41. g6 Rf8 42. Rf4 Rxf4 43. Qxf4 1-0

[Event "Memorial Urbanec Miroslav"]
[Site "?"]
[Date "2009.??.??"]
[Round "?"]
[White "Nedoma, Petr"]
[Black "Canibal, Jaromír"]
[Result "1-0"]
[WhiteElo "2375"]
[BlackElo "2354"]
[PlyCount "91"]
[EventDate "2009.??.??"]
[EventType "corr"]
[SourceDate "2004.06.03"]

1. Nf3 Nf6 2. c4 g6 3. d4 Bg7 4. Nc3 O-O 5. e4 d6 6. Be2 e5 7. Be3 exd4 8. Nxd4
Qe7 9. f3 h6 10. Qd2 Nc6 11. O-O-O Nxd4 12. Bxd4 Bd7 13. g4 Bc6 14. h4 Nd7 15.
Be3 Kh7 16. Rde1 Rfe8 17. Nd5 Bxd5 18. cxd5 a5 19. h5 g5 20. f4 a4 21. fxg5 a3
22. Kb1 Bxb2 23. g6+ fxg6 24. Bxh6 g5 25. Bxg5 Qe5 26. Bf4 Bc3 27. Qe3 Qh8 28.
Ref1 Ra4 29. e5 dxe5 30. Bh6 Rb4+ 31. Kc1 Bb2+ 32. Kc2 Qg8 33. Qf3 Bd4 34. Bc1
Kh8 35. Qf7 Qxf7 36. Rxf7 Nb6 37. Bxa3 Ra4 38. Kb3 Rea8 39. Rf8+ Rxf8 40. Bxf8
Ra8 41. Rf1 Nd7 42. Bb4 Nc5+ 43. Bxc5 Bxc5 44. a4 Rf8 45. Rxf8+ Bxf8 46. Bf3
1-0

[Event "Memorial Urbanec Miroslav"]
[Site "?"]
[Date "2009.??.??"]
[Round "?"]
[White "Nedoma, Petr"]
[Black "Kýhos, Alois"]
[Result "1/2-1/2"]
[WhiteElo "2375"]
[BlackElo "2402"]
[PlyCount "107"]
[EventDate "2009.??.??"]
[EventType "corr"]
[SourceDate "2004.06.03"]

1. Nf3 Nf6 2. c4 e6 3. Nc3 d5 4. d4 Be7 5. g3 O-O 6. Bg2 Nbd7 7. Qd3 c5 8. cxd5
exd5 9. O-O Re8 10. Bf4 cxd4 11. Qxd4 Bc5 12. Qd3 Bb6 13. Nxd5 Nc5 14. Nxf6+
Qxf6 15. Qa3 Bg4 16. Be3 Ne4 17. Bxb6 Qxb6 18. Qb3 Qa6 19. Qb4 Rac8 20. b3 b5
21. Rac1 Rxc1 22. Rxc1 Qxa2 23. Qxb5 Rd8 24. Qc4 Qb2 25. Ne5 Qxe5 26. Bxe4 h6
27. Bd3 Be6 28. Qh4 Re8 29. Qa4 Rb8 30. Qxa7 Rxb3 31. h4 g6 32. Rc5 Qd6 33. h5
g5 34. Ra5 Kg7 35. Ra4 Rc3 36. g4 Bb3 37. Qd4+ Qxd4 38. Rxd4 Bc2 39. Rc4 Rxc4
40. Bxc4 Kf8 41. Kg2 Be4+ 42. f3 Bc6 43. Kf2 Ke7 44. Ke3 f6 45. Bd3 Kd6 46. f4
Bd7 47. Kf3 Ba4 48. e3 Bd1+ 49. Kg3 Bb3 50. Be4 Bc4 51. Bf3 Bd3 52. Bb7 Kc7 53.
Bf3 Kd6 54. Bb7 1/2-1/2

[Event "Memorial Urbanec Miroslav"]
[Site "?"]
[Date "2009.??.??"]
[Round "?"]
[White "Nedoma, Petr"]
[Black "Novák, Vratislav"]
[Result "1/2-1/2"]
[WhiteElo "2375"]
[BlackElo "2311"]
[PlyCount "197"]
[EventDate "2009.??.??"]
[EventType "corr"]
[SourceDate "2004.06.03"]

1. Nf3 c5 2. e4 Nc6 3. Bb5 Qb6 4. Nc3 e6 5. Bxc6 bxc6 6. d3 Ne7 7. O-O Ng6 8.
e5 Be7 9. Re1 O-O 10. h4 f6 11. exf6 Bxf6 12. Ne4 Bxh4 13. Nxh4 Nxh4 14. Be3
Rf5 15. Qg4 Ng6 16. b3 a5 17. a4 Qd8 18. Bxc5 d5 19. Nd6 Rf4 20. Qg3 Bd7 21. f3
Qf6 22. Be3 e5 23. Nb7 Rf5 24. Nc5 Be6 25. c3 d4 26. cxd4 exd4 27. Ne4 Qd8 28.
Bc1 Bd5 29. Rb1 Ne5 30. Bg5 Qb8 31. f4 Nd7 32. Qg4 Rf7 33. f5 Qf8 34. Ng3 c5
35. Nh5 Kh8 36. Rf1 Qd6 37. Rbe1 Nf6 38. Bxf6 gxf6 39. Qh4 Rg8 40. Nf4 Qd7 41.
Re6 Qd8 42. Re2 Bxb3 43. Rfe1 Bxa4 44. Qh5 Rgg7 45. Ne6 Qd6 46. Nxg7 Rxg7 47.
Qh6 Bc6 48. Rb2 Bd5 49. Re8+ Bg8 50. Rbb8 Qg3 51. Qd2 a4 52. Ra8 Rg5 53. Rec8
a3 54. Qe2 Rg4 55. Rxa3 Qf4 56. Ra1 Qxf5 57. Raa8 Qf4 58. Re8 Rg7 59. Qc2 Qf5
60. Rac8 Qh5 61. Re1 Qd5 62. Rc1 Qe6 63. Rxc5 Rg3 64. Qd2 Kg7 65. Rh5 Qg4 66.
Rc7+ Kh8 67. Rh6 Qe6 68. Qf2 Rxd3 69. Qxf6+ Qxf6 70. Rxf6 Rg3 71. Rd6 Rg7 72.
Rcd7 Rg5 73. Rc7 Rg7 74. Rdd7 Rg5 75. Kf2 Rf5+ 76. Kg3 Rg5+ 77. Kh2 Rh5+ 78.
Kg1 Rf5 79. Rxd4 Bf7 80. Kh2 Kg7 81. Kg3 Kg6 82. Rc6+ Kg7 83. Rf4 Bg6 84. Rxf5
Bxf5 85. Kf4 Bg6 86. Kg5 h6+ 87. Kf4 Bd3 88. Rb6 Bg6 89. Ke5 Bc2 90. Rb2 Bd3
91. Rb7+ Kg6 92. Kf4 Kf6 93. Rb6+ Kg7 94. Ke5 Bc2 95. Rc6 Bb1 96. Rc3 Kf7 97.
Rg3 Bc2 98. Ra3 Kg6 99. Rc3 1/2-1/2